The Vampire Diaries Character Random Quiz - Statistics

General Stats
  • This quiz has been taken 610 times
    369 since last reset
  • The average score is 29 of 140
Answer Stats
Actor/Actress Species Status Character % Correct
Nina Dobrev Mortal Alive Elena Gilbert
89%
Paul Wesley Vampire Deceased Stefan Salvatore
74%
Ian Somerhalder Vampire Undead Damon Salvatore
73%
Nina Dobrev Mortal Deceased Amara
69%
Nina Dobrev Vampire Deceased Katherine Pierce
69%
Joseph Morgan Original Hybrid Deceased Niklaus Mikaelson
68%
Daniel Gillies Original Vampire Deceased Elijah Mikaelson
66%
Claire Holt Original Vampire Undead Rebekah Mikaelson
66%
Kat Graham Psychic Witch Alive Bonnie Bennett
65%
Candice King Vampire Undead Caroline Forbes
64%
Michael Trevino Hybrid Deceased Tyler Lockwood
64%
Nathaniel Buzolic Original Vampire Undead Kol Mikaelson
62%
Zach Roerig Mortal Alive Matt Donovan
61%
Stephen R. McQueen Mortal Alive Jeremy Gilbert
60%
Matt Davis Mortal Alive Alaric Saltzman
59%
Paul Wesley Psychic Witch Deceased Silas
59%
Chris Wood Heretic Deceased Kai Parker
54%
Nina Dobrev Mortal Deceased Tatia
54%
Casper Zafer Original Vampire Deceased Finn Mikaelson
53%
Alice Evans Dark Witch Deceased Esther Mikaelson
50%
Sebastian Roché Original Vampire Deceased Mikael Mikaelson
50%
Sara Canning Vampire Deceased Jenna Sommers
49%
Phoebe Tonkin Hybrid Deceased Hayley Marshall-Kenner
47%
Kayla Ewell Vampire Deceased Vicki Donovan
46%
Marguerite MacIntyre Mortal Deceased Liz Forbes
45%
Jasmine Guy Witch Deceased Sheila Bennett
43%
Michael Malarkey Vampire Deceased Enzo
41%
Danielle Rose Russell Tribrid Undead Hope Mikaelson
41%
Persia White Vampire Undead Abby Bennett
39%
Malese Jow Vampire Deceased Anna
39%
Kaylee Bryant Siphoner Alive Josie Saltzman
38%
Jenny Boyd Heretic Undead Lizzie Saltzman
38%
Bianca Lawson Witch Deceased Emily Bennett
36%
Riley Voelkel Witch Alive Freya Mikaelson
36%
David Anders Mortal Deceased John Gilbert
35%
Annie Wersching Vampire Deceased Lily Salvatore
35%
Teressa Liane Heretic Deceased Mary-Louise
34%
Taylor Kinney Werewolf Deceased Mason Lockwood
34%
Susan Walters Mortal Deceased Carol Lockwood
33%
Nathalie Kelley Siren Deceased Sybil
33%
Danielle Campbell Elder Witch Alive Davina Claire
32%
Arielle Kebbel Vampire Deceased Lexi Branson
32%
Chris Brochu Witch Deceased Luke Parker
32%
Kelly Hu Vamprie Deceased Pearl
32%
Jaiden Kaine Heretic Deceased Beau
31%
Lauren Cohen Vampire Deceased Rose
29%
Mia Kirshner Vampire Deceased Isobel Flemming
27%
Charles Michael Davis Upgraded Original Vampire Undead Marcel Gerard
27%
Penelope Mitchell Witch Deceased Olivia Parker
27%
Kristen Gutoskie Siren Deceased Seline
25%
Grace Phipps Mortal Alive April Young
24%
Leah Pipes Vampire Deceased Camille O'Connell
23%
Paul Wesley Mortal Deceased Tom Avery
22%
Devon Allowitz Mortal Deceased Henrik Mikaelson
18%
Michaela McManus Werewolf Deceased Jules
18%
Scarlett Byrne Heretic Deceased Nora Hildegard
18%
Janina Gavankar Witch Deceased Qetsiyah
18%
Jodi Lyn O'Keefe Witch Deceased Josette Laughlin
17%
Elizabeth Blackmore Heretic Undead Valerie Tulle
17%
Nathan Parsons Hybrid Deceased Jackson Kenner
15%
Claudia Black Witch Deceased Dahlia
13%
Rebecca Breeds Vampire Deceased Aurora de Martel
12%
Tim Kang Heretic Deceased Oscar
12%
Leslie-Anne Huff Vampire Hunter Deceased Rayna Cruz
11%
Daniella Pineda Elder Witch Deceased Sophie Deveraux
11%
Yusuf Gatewood Witch Alive Vincent Griffith
11%
Summer Fontana Witch Alive Young Hope Mikaelson
11%
Wolé Parks Psychic Deceased Arcadius
10%
Yasmine Al-Bastami Ancestor Deceased Monique Deveraux
10%
Chris Lee Vampire/Dragon Undead Kaleb
9%
Andrew Lees Upgraded Original Vampire Deceased Lucien Castle
9%
Justice Leak Heretic Deceased Malcolm
9%
Chris William Martin Mortal Deceased Zach Salvatore
9%
Colin Woodell Werewolf Deceased Aiden
8%
Eka Darville Vampire Deceased Diego
8%
Quincy Fouse Vampire Deceased MG
8%
Thomas Doherty Vampire Deceased Sebastian
8%
Rick Cosnett Mortal Deceased Wes Maxfield
8%
Todd Williams Vampire Hunter Deceased Connor Jordan
7%
Malaya Rivera Drew Witch Deceased Jane-Anne Deveraux
7%
Aria Shahghasemi Phoenix Alive Landon Kirby
7%
Elyse Levesque Elder Witch Deceased Genevieve
6%
Nishi Munshi Vampire Deceased Gia
6%
Randy J. Goodwin Witch Deceased Jonas Martin
6%
Natashia Williams Witch Deceased Lucy Bennett
6%
Bryton James Witch Deceased Luka Martin
6%
Tristin Mays Mortal Deceased Sarah Nelson
6%
Karen Kaia Livers Elder Witch Deceased Agnes
5%
Omono Okojie Witch/Muse (Goddess) Alive Cleo
5%
Kaylee Bryant Dark Siphoner Deceased Dark Josie Saltzman
5%
Maisie Richardson-Sellers Dark Witch Deceased Eva Sinclair
5%
Kendrick Sampson Mortal Deceased Jesse
5%
Madelyn Cline Witch Alive Jessica
5%
Steven Krueger Vampire Deceased Josh Rosza
5%
Chase Coleman Werewolf Deceased Oliver
5%
Maria Howell Witch Deceased Ayana
4%
Shiva Kalaiselvan Witch (Oracle) Deceased Ivy
4%
Christina Moses Werewolf Alive Keelin Malraux
4%
Paul Telfer Vampire Hunter Deceased Alexander
3%
Natalie Dreyfuss Ancestor Deceased Cassie
3%
Torrance Coombs Mortal Alive Declan
3%
Demetrius Bridges Mortal Alive Dorian Williams
3%
Torrey DeVitto Mortal Alive Dr. Meredith Fell
3%
Meg Foster Elder Witch Deceased Josephine LaRue
3%
Todd Stashwick Mortal Deceased Kieran O'Connell
3%
Lulu Antariksa Witch Alive Penelope Park
3%
Tracy Ifeachor Strix Vampire Deceased Aya Al-Rashid
2%
Leo Howard Mortal Deceased Ethan
2%
Ben Levin Werewolf Alive Jed
2%
Sonja Sohn Witch Deceased Lenore
2%
Alexis Louder Werewolf Deceased Lisina
2%
Owiso Odera Witch Deceased Papa Tunde
2%
Jedidiah Goodacre Vampire Undead Roman Sienna
2%
David E. Collier Strix Vampire Deceased Shen Min
2%
Olivia Liang Witch Alive Alyssa Chang
1%
Jaime Murray Vampire Undead Antoinette Sienna
1%
Haley Ramm Dark Witch Deceased Ariane
1%
Raney Branch Ancestor Deceased Celeste Dubois
1%
Karen David Witch Alive Emma Tig
1%
Courtney Bandeko Werewolf Alive Finch Tarrayo
1%
Peta Sergeant Werewolf Deceased Francesca Guerrera
1%
Nadine Lewington Vampire Deceased Greta Sienna
1%
Joyce Thie Brew Ancestor Deceased Kara Nguyen
1%
Ebboney Wilson Mortal Alive Kym
1%
Peyton Alex Smith Werewolf Deceased Rafael Waithe
1%
Shannon Kane Ancestor Deceased Sabine Laurent
1%
Taylor Cole Vampire Undead Sofya Voronova
1%
Callard Harris Vampire Deceased Thierry Vanchure
1%
Jason William Dohring Mortal Deceased Will Kinney
1%
Alexa Yeames Ancestor Deceased Abigail
0%
Neil Jackson Vampire Deceased Alistair Duquesne
0%
Shannon Eubanks Elder Witch Deceased Bastianna Natale
0%
Darri Ingolfsson Dark Witch Deceased Dominick
0%
Matt Cedeño Vampire Deceased Gaspar Cortez
0%
Debra Mooney Werewolf Deceased Mary Dumas
0%
Alex Denisof Witch Alive Rupert Vardemus
0%
Bianca Kajlich Mortal Alive Sheriff Mac
0%
Ben Guerens Dark Witch Deceased The Almighty Necromancer
0%
Lawrence Kao Ancestor Deceased Van Nguyen
0%
Aisha Duran Mortal Deceased Virginia St. John
0%
No matching quizzes found
Score Distribution
Percent of People with Each Score
Percentile by Number Answered
Your Score History
You have not taken this quiz since the last reset